[Event "Pan American-ch School U17"]
[Site "Medellin"]
[Date "2019.11.14"]
[Round "4"]
[White "Colmenarez Orsini, Ricardo Elias"]
[Black "Sanchez Arroyave, Juan Pablo"]
[Result "1/2-1/2"]
[WhiteElo "2033"]
[BlackElo "1853"]
[PlyCount "66"]
[EventDate "2019.11.12"]
[EventType "swiss"]
[EventRounds "9"]
[EventCountry "COL"]
[SourceTitle "CBM 193 Extra"]
[Source "ChessBase"]
[SourceDate "2020.01.31"]
[SourceVersion "1"]
[SourceVersionDate "2020.01.31"]
[SourceQuality "1"]

1. d4 d5 2. c4 c6 3. Nc3 Nf6 4. Nf3 dxc4 5. a4 Bf5 6. Ne5 e6 7. f3 c5 8. e4 Bg6 9. Be3 cxd4 10. Bxd4 a6 11. a5 Nfd7 12. Qa4 f6 13. Nxg6 hxg6 14. Bxc4 Qe7 15. Qb3 Qb4 16. Qxb4 Bxb4 17. Bxe6 Nc6 18. Bxd7+ Kxd7 19. Bb6 Rh5 20. 0-0 Bxa5 21. Rfd1+ Ke6 22. Rxa5 Rxa5 23. Nd5 Rc8 24. Nf4+ Kf7 25. Bxa5 Nxa5 26. b4 g5 27. Ne2 Nb3 28. Rd7+ Kf8 29. Rxb7 Rc2 30. Kf1 Rb2 31. Rb6 Nd2+ 32. Kf2 Nc4 33. Rxa6 Rxb4 1/2-1/2

[Event "Pan American-ch School U17"]
[Site "Medellin"]
[Date "2019.11.14"]
[Round "5"]
[White "Valera Padilla, Federico Jose"]
[Black "Colmenarez Orsini, Ricardo Elias"]
[Result "0-1"]
[WhiteElo "1786"]
[BlackElo "2033"]
[PlyCount "98"]
[EventDate "2019.11.12"]
[EventType "swiss"]
[EventRounds "9"]
[EventCountry "COL"]
[SourceTitle "CBM 193 Extra"]
[Source "ChessBase"]
[SourceDate "2020.01.31"]
[SourceVersion "1"]
[SourceVersionDate "2020.01.31"]
[SourceQuality "1"]

1. e4 c5 2. Nf3 Nc6 3. d4 cxd4 4. Nxd4 Nf6 5. Nc3 e5 6. Ndb5 d6 7. Nd5 Nxd5 8. exd5 Nb8 9. a4 a6 10. Na3 Be7 11. Be3 0-0 12. Be2 f5 13. f4 Bf6 14. Nc4 Nd7 15. 0-0 exf4 16. Bxf4 Ne5 17. Bxe5 dxe5 18. a5 e4 19. c3 Bd7 20. Kh1 Rb8 21. Nb6 Be5 22. Nc4 Bf6 23. Nb6 Bg5 24. b4 Kh8 25. c4 f4 26. c5 Rf6 27. Ra3 Rh6 28. Rc3 f3 29. Bxf3 exf3 30. Qxf3 Rf6 31. Qd1 Bb5 32. Re1 Bh4 33. g3 Bg5 34. d6 Rf2 35. Kg1 Rd2 36. Qg4 Bc6 37. Re5 Bf6 38. Rce3 Bxe5 39. Rxe5 Qf6 40. Qf4 Qxf4 41. gxf4 Rd4 42. Re7 Rxf4 43. Nd7 Bxd7 44. Rxd7 Rxb4 45. Rxb7 R4xb7 46. c6 Rb1+ 47. Kf2 Rd1 48. d7 Rxd7 49. cxd7 Rd8 0-1

[Event "VEN-ch U17"]
[Site "Caracas"]
[Date "2019.08.09"]
[Round "6"]
[White "Perez Rivero, Juan Jose"]
[Black "Colmenarez Orsini, Ricardo Elias"]
[Result "0-1"]
[WhiteElo "1803"]
[BlackElo "1842"]
[PlyCount "104"]
[EventDate "2019.08.07"]
[EventType "swiss"]
[EventRounds "9"]
[EventCountry "VEN"]
[SourceTitle "EXT 2020"]
[Source "ChessBase"]
[SourceDate "2019.10.17"]
[SourceVersion "1"]
[SourceVersionDate "2019.10.17"]
[SourceQuality "1"]

1. Nf3 Nf6 2. g3 d5 3. Bg2 c5 4. 0-0 Nc6 5. d4 e6 6. c4 b6 7. Nc3 Be7 8. Bg5 0-0 9. Rc1 Ba6 10. Qa4 cxd4 11. Nxd4 Nxd4 12. Qxa6 Ne4 13. Bxe7 Qxe7 14. cxd5 exd5 15. Nxd5 Qe5 16. Qd3 Nc5 17. Qe3 Qxe3 18. fxe3 Nxe2+ 19. Kh1 Nxc1 20. Ne7+ Kh8 21. Bxa8 Rxa8 22. Rxc1 Re8 23. Nd5 Re5 24. Rd1 g6 25. Kg2 Kg7 26. Kf3 Rf5+ 27. Kg2 h5 28. Rd4 Ne6 29. Rd2 Ng5 30. Nf4 Re5 31. Rd3 Rc5 32. Rd2 Ne4 33. Re2 a5 34. Kf3 Ng5+ 35. Kf2 b5 36. Nd3 Rf5+ 37. Kg2 Ne4 38. Nf2 Nxf2 39. Rxf2 Rxf2+ 40. Kxf2 Kf6 41. Kf3 Ke5 42. e4 g5 43. Ke3 h4 44. gxh4 gxh4 45. h3 b4 46. b3 f6 47. Kd3 Kf4 48. Kd4 Kg3 49. Ke3 Kxh3 50. Kf3 Kh2 51. Kg4 h3 52. Kh4 Kg2 0-1

[Event "VEN-ch U20"]
[Site "Maracay"]
[Date "2018.05.31"]
[Round "7"]
[White "Colmenarez Orsini, Ricardo Elias"]
[Black "Gonzalez Perez, Juan Pablo"]
[Result "1-0"]
[WhiteElo "1820"]
[BlackElo "1376"]
[PlyCount "79"]
[EventDate "2018.05.31"]
[EventType "swiss"]
[EventRounds "7"]
[EventCountry "VEN"]
[SourceTitle "EXT 2019"]
[Source "ChessBase"]
[SourceDate "2018.10.10"]
[SourceVersion "1"]
[SourceVersionDate "2018.10.10"]
[SourceQuality "1"]

1. d4 Nf6 2. c4 e6 3. Nf3 d5 4. Bg5 Nbd7 5. cxd5 exd5 6. Nc3 Be7 7. Qc2 c6 8. e3 0-0 9. Bd3 h6 10. Bxf6 Bxf6 11. 0-0 Nb6 12. b4 Be6 13. b5 Rc8 14. bxc6 Rxc6 15. Qb3 Qd7 16. Rab1 Rfc8 17. Nb5 Ra8 18. a4 a6 19. Nc3 Rac8 20. Ne2 R8c7 21. Qa2 Bf5 22. Bxf5 Qxf5 23. Ng3 Qd7 24. Ne1 Nc4 25. Nd3 Be7 26. Ne2 Rb6 27. Ne5 Qe8 28. Rxb6 Nxb6 29. a5 Nc4 30. Nd3 Qb5 31. Nc3 Qc6 32. Nf4 Rd7 33. Rc1 b5 34. axb6 Nxb6 35. Qxa6 Rc7 36. g3 Bb4 37. Na2 Qxc1+ 38. Nxc1 Rxc1+ 39. Kg2 Nc8 40. Nd3 1-0

[Event "VEN-ch U20"]
[Site "Maracay"]
[Date "2018.05.31"]
[Round "4"]
[White "Portillo Fernandez, Isaac Jesus"]
[Black "Colmenarez Orsini, Ricardo Elias"]
[Result "1/2-1/2"]
[WhiteElo "1476"]
[BlackElo "1820"]
[PlyCount "57"]
[EventDate "2018.05.31"]
[EventType "swiss"]
[EventRounds "7"]
[EventCountry "VEN"]
[SourceTitle "EXT 2019"]
[Source "ChessBase"]
[SourceDate "2018.10.10"]
[SourceVersion "1"]
[SourceVersionDate "2018.10.10"]
[SourceQuality "1"]

1. e4 c6 2. d4 d5 3. e5 Bf5 4. f4 e6 5. Nf3 Ne7 6. Bd3 h5 7. c4 dxc4 8. Bxc4 Nd7 9. Nc3 Nb6 10. Qb3 Nxc4 11. Qxc4 Bh7 12. Be3 Nf5 13. Bf2 Be7 14. 0-0 Qd7 15. a4 a5 16. Rfd1 0-0 17. Rac1 Rab8 18. Ne4 Rfc8 19. Nc5 Qe8 20. Qa2 Bd8 21. h3 Ne7 22. Ng5 Bf5 23. Nge4 Bc7 24. Nd6 Bxd6 25. exd6 Rd8 26. dxe7 Qxe7 27. Qa3 Qc7 28. Be3 Rd5 29. b4 1/2-1/2

[Event "VEN-ch U20"]
[Site "Maracay"]
[Date "2018.05.31"]
[Round "2"]
[White "Uzcategui Rodriguez, Alejandro"]
[Black "Colmenarez Orsini, Ricardo Elias"]
[Result "1-0"]
[WhiteElo "2213"]
[BlackElo "1820"]
[PlyCount "55"]
[EventDate "2018.05.31"]
[EventType "swiss"]
[EventRounds "7"]
[EventCountry "VEN"]
[SourceTitle "EXT 2019"]
[Source "ChessBase"]
[SourceDate "2018.10.10"]
[SourceVersion "1"]
[SourceVersionDate "2018.10.10"]
[SourceQuality "1"]

1. e4 c6 2. d4 d5 3. exd5 cxd5 4. Bd3 Nf6 5. c3 g6 6. Bf4 Bg7 7. Nf3 0-0 8. 0-0 Nc6 9. Re1 Ne8 10. Na3 Nd6 11. Qb3 e6 12. Nb5 Nxb5 13. Bxb5 Bd7 14. Bf1 Na5 15. Qd1 Qb6 16. b4 Nc6 17. Qd2 Rfe8 18. a4 Qd8 19. h4 e5 20. dxe5 Bg4 21. b5 Na5 22. Bg5 Qc7 23. Qxd5 Bxf3 24. Qxf3 Bxe5 25. Bf6 Rac8 26. Rad1 Re6 27. Rxe5 Rxe5 28. Qf4 1-0

[Event "San Felipe FVA"]
[Site "San Felipe"]
[Date "2017.06.04"]
[Round "4.1"]
[White "Colmenarez Orsini, Ricardo Elias"]
[Black "Ramos, Marco Aurelio"]
[Result "1/2-1/2"]
[WhiteElo "1748"]
[BlackElo "1742"]
[PlyCount "65"]
[EventDate "2017.06.03"]
[EventType "swiss"]
[EventRounds "7"]
[EventCountry "VEN"]
[SourceTitle "EXT 2022"]
[Source "ChessBase"]
[SourceDate "2021.10.06"]
[SourceVersion "1"]
[SourceVersionDate "2021.10.06"]
[SourceQuality "1"]

1. d4 Nf6 2. c4 e6 3. Nf3 Bb4+ 4. Bd2 Qe7 5. e3 b6 6. Bd3 Bb7 7. 0-0 Bxd2 8. Nbxd2 d6 9. e4 e5 10. Re1 0-0 11. d5 a5 12. b3 Na6 13. a3 Nc5 14. Qc2 Ra7 15. b4 Ncd7 16. bxa5 Rxa5 17. Nb3 Ra7 18. Ra2 Rfa8 19. Rea1 Ra4 20. Nfd2 Qe8 21. Nb1 R4a7 22. Nc3 Ba6 23. a4 Nc5 24. Nxc5 bxc5 25. Rb2 Rb8 26. Rab1 Raa8 27. g3 Nd7 28. a5 Rxb2 29. Rxb2 Rb8 30. Kg2 Rb4 31. Na2 Rb8 32. Nc3 Rb4 33. Na2 1/2-1/2